ბათუმის შოთა რუსთაველის სახელმწიფო უნივერსიტეტის ბიბლიოთეკა

სერვისმენეჯმენტი (ბიბ.ჩანაწერი № 49276)

000 -LEADER
fixed length control field 01258nam a2200265Ia 4500
001 - CONTROL NUMBER
control field 16192
003 - CONTROL NUMBER IDENTIFIER
control field GE_BSU
008 - FIXED-LENGTH DATA ELEMENTS--GENERAL INFORMATION
fixed length control field 181216s||||||||xx |||||||||||||| ||und||
020 ## - INTERNATIONAL STANDARD BOOK NUMBER
International Standard Book Number ISBN 978-9941-0-5631-4
040 ## - CATALOGING SOURCE
Transcribing agency GE_BSU
080 ## - UNIVERSAL DECIMAL CLASSIFICATION NUMBER
Universal Decimal Classification number 338.46(075.8) + 005.5
100 ## - MAIN ENTRY--PERSONAL NAME
Personal name ევგენი ბარათაშვილი, ნოდარ გრძელიშვილი, თეიმურაზ ყანდაშვილი, თამარ როსტიაშვილი
245 ## - TITLE STATEMENT
Title სერვისმენეჯმენტი
245 ## - TITLE STATEMENT
Remainder of title სახელმძღვ
245 ## - TITLE STATEMENT
Statement of responsibility, etc. რედ. ბადრი ცხადაძე.მხატვ:ნ.ხალვაში
260 ## - PUBLICATION, DISTRIBUTION, ETC.
Place of publication, distribution, etc. თბილისი
260 ## - PUBLICATION, DISTRIBUTION, ETC.
Name of publisher, distributor, etc. გ.გ
260 ## - PUBLICATION, DISTRIBUTION, ETC.
Date of publication, distribution, etc. 2013
300 ## - PHYSICAL DESCRIPTION
Extent 380 გვ. ; 20 სმ;ბიბლიოგრ.: გვ. 372-375
520 ## - SUMMARY, ETC.
Summary, etc. ეძღვნება საქ. ტექნ. უნ-ტის 90 წლისთავს
653 ## - INDEX TERM--UNCONTROLLED
Uncontrolled term მენეჯმენტი
653 ## - INDEX TERM--UNCONTROLLED
Uncontrolled term სერვისმენეჯმენტი - სახელმძღვანელოები უმაღლესი სასწავლებლებისათვის;
942 ## - ADDED ENTRY ELEMENTS (KOHA)
Koha item type წიგნი
ეგზემპლარები
Withdrawn status Lost status Damaged status Not for loan Date acquired Barcode Date last seen Price effective from Koha item type
        2018-12-17 40134 2018-12-17 2018-12-17 წიგნი
        2018-12-17 40135 2018-12-17 2018-12-17 წიგნი
        2018-12-17 40136 2018-12-17 2018-12-17 წიგნი
        2018-12-17 40137 2018-12-17 2018-12-17 წიგნი
        2018-12-17 40138 2018-12-17 2018-12-17 წიგნი